Les joueurs qui ont joué avec Messi et Ronaldo - Statistiques

Statistiques générales
  • Ce quiz a été pris 1 389 fois
  • Le résultat moyen est 4 sur 12
Statistiques - réponses
Réponse % Correct
Angel Di María
86%
Paulo Dybala
59%
Gerard Piqué
57%
Gonzalo Higuaín
47%
Nélson Semedo
34%
André Gomes
26%
Carlos Tévez
24%
Deco
23%
Fernando Gago
8%
Gabriel Heinze
8%
Ezequiel Garay
6%
Henrik Larsson
4%
Aucun quiz correspondant
Distribution des résultats
% des personnes avec chaque résultat
Percentile par nombre de réponses
Votre historique - résultats
Vous n’avez pas pris ce quiz